Mastering Beats In Journalism/ (Record no. 203633)

MARC details
000 -LEADER
fixed length control field 00524nam a22001817a 4500
005 - DATE AND TIME OF LATEST TRANSACTION
control field 20240619123406.0
010 ## - LCCN (DPL NO)
LC control number ENG-140641
020 ## - INTERNATIONAL STANDARD BOOK NUMBER
Terms of availability 749.00
International Standard Book Number 9789357056465
035 ## - SYSTEM CONTROL NUMBER
System control number EN-124173
037 ## - SOURCE OF ACQUISITION
Source of stock number/acquisition DBAD
082 ## - DEWEY DECIMAL CLASSIFICATION NUMBER
Classification number 670.4
245 ## - TITLE STATEMENT
Title Mastering Beats In Journalism/
Statement of responsibility, etc by Surbhi Dhaiya
250 ## - EDITION STATEMENT
Edition statement 12fth edition
260 ## - PUBLICATION, DISTRIBUTION, ETC. (IMPRINT)
Place of publication, distribution, etc Uttar Pradesh
Name of publisher, distributor, etc Pearson India Education Services Pvt. Ltd
Date of publication, distribution, etc 2023
270 ## - ADDRESS
City Noida
Postal code 201301
300 ## - PHYSICAL DESCRIPTION
Extent xlviii; 552p. :
Dimensions 23cm(Pb)
942 ## - ADDED ENTRY ELEMENTS (KOHA)
Source of classification or shelving scheme Dewey Decimal Classification
Item type English Books
Classification part 670.4
Call number suffix MAS
Holdings
Withdrawn status Lost status Not for loan Collection code Home library Current library Date acquired Source of acquisition Cost, normal purchase price Full call number Barcode Copy number Cost, replacement price Koha item type
      Non-fiction Ashok Vihar Central Library 19/06/2024 DBAD 749.00 670.4 MAS EN-124173 1 749.00 English Books

© Delhi Public Library
Hit Counter
free hit counter